Rezanije metallov /
Saved in:
| Main Author: | |
|---|---|
| Other Authors: | |
| Format: | Book |
| Language: | Russian |
| Published: |
Moskva :
Mašinostrojenije,
1980
|
| Subjects: | |
| Tags: |
No Tags, Be the first to tag this record!
|
MARC
| LEADER | 00000nam a22000003a 4500 | ||
|---|---|---|---|
| 001 | stu43608 | ||
| 005 | 20150617225716.9 | ||
| 008 | 941116s1980----xxr-----------------rus-d | ||
| 040 | |a STU |b slo | ||
| 041 | 0 | |a rus | |
| 044 | |a xxr | ||
| 080 | |a 621.937 | ||
| 100 | 1 | |a Trent, E.M |4 aut | |
| 245 | 1 | |a Rezanije metallov / |c [aut.]E.M. Trent; Z angl. G.I. Ajzenštok | |
| 260 | |a Moskva : |b Mašinostrojenije, |c 1980 | ||
| 300 | |a 262 s | ||
| 650 | 7 | |a rezanie |2 stusub | |
| 700 | 1 | |a Ajzenštok, G.I |4 trl | |
| 996 | |b 284M055266 |c M*7230-2 |l MMKN |s A |a 24 |w stu43608_0002 | ||